000 00801nam a2200253 a 4500
001 000024712
005 20240514073717.0
008 110127s1986 sp r 000 | spa d
020 _a8472222608
040 _aDO-SdBNP
_bspa
_cBNPHU
082 _a170
_bO91e
100 1 _aOtto Apel, Karl
_950697
245 1 0 _aEstudios éticos /
_cKarl Otto Apel ; traducción Carlos de Santiago.
260 _aBarcelona :
_bAlfa,
_c1986.
300 _a221 p. ;
_c20 cm.
490 1 _aEstudios Alemanes.
_pFilosofía
504 _aBibliografía : p. 237-238
500 _aIncluye referencias bibliográficas al pie de páginas
650 0 _aÉtica
_9509
650 4 _aÉtica
_xEnseñanza
_91205
700 1 _aSantiago, Carlos de
_etr.
_950698
830 0 _aEstudios Alemanes.
_pFilosofía
_950699
049 _aBNGR
999 _c24205
_d24205